000 01273nam a2200337 i 4500
003 CO-BoRNBP
005 20250220174612.0
007 ta
008 250220s2023 ck a|||| |||| 00| 0 spa d
020 _a9789585499263
040 _aCO-BoRNBP
_bspa
_cCO-BoRNBP
_erda
041 _aspa
084 _aP MAÑ1
100 1 _aMañas Romero, Pedro
_d1981-
_eautor
_958608
245 1 3 _aLa noche en el bolsillo/
_cPedro Mañas Romero; ilustraciones, Mariana Ruiz Johnson
250 _aEdición especial
264 1 _aBogotá, Colombia,
_bEdiciones Monserrate: Kalandraka Editora
_c2023
264 4 _c©2023
300 _a44 páginas,
_bilustraciones a color,
_c24 cm
336 _2rdacontent
_atexto
_btxt
337 _2rdamedia
_asin mediación
_bn
338 _2rdacarrier
_avolumen
_bnc
490 _aPlan Nacional de Lectura, Escritura y Oralidad/Ministerio de Cultura
521 _aRecomendado para un público infantil a partir de los 6 años.
650 1 7 _2ARMARC
_aPoesía infantil española
_vSiglo XXI
_958609
650 1 7 _2ARMARC
_aLiteratura infantil española
_vSiglo XXI
_958610
650 1 7 _2ARMARC
_aNoche en la literatura
_958611
650 1 7 _2ARMARC
_aPoetas en la literatura
_958612
700 1 _aRuiz Johnson Mariana
_eilustradora
_91020
942 _2ddc
_cBKINF
999 _c56937
_d56937